Všetky počítače budú bratia. Svetoví giganti na Slovensku: IBM.
Od 1.1.1993 má firma IBM svoje zastúpenie na Slovensku. Jej vývoj a výkony v posledných 10 rokoch od prvenstva vo výrobe veľkých počítačov, cez uvedenie osobných počítačov na trh, otvorenosť firmy voči ostatným (zapojenie sa do štandardizačných aktivít v PC), výrobu stredných počítačových systémov A...
Guardado en:
| Autor principal: | |
|---|---|
| Formato: | Capítulo de libro |
| Lenguaje: | eslovaco |
| Materias: | |
| Etiquetas: |
Sin Etiquetas, Sea el primero en etiquetar este registro!
|
MARC
| LEADER | 00000naa a2200000 4500 | ||
|---|---|---|---|
| 001 | r013816 | ||
| 005 | 20221205080750.8 | ||
| 041 | 0 | |a slo | |
| 044 | |a SK | ||
| 245 | 1 | 0 | |a Všetky počítače budú bratia. |b Svetoví giganti na Slovensku: IBM. |c O. Brunovský |
| 520 | |a Od 1.1.1993 má firma IBM svoje zastúpenie na Slovensku. Jej vývoj a výkony v posledných 10 rokoch od prvenstva vo výrobe veľkých počítačov, cez uvedenie osobných počítačov na trh, otvorenosť firmy voči ostatným (zapojenie sa do štandardizačných aktivít v PC), výrobu stredných počítačových systémov AS/400 a RISC 6000 s architektúrou POWER. Cesta k superpočítačom, spolupráca firiem IBM, Apple a Motorola. | ||
| 610 | 2 | 0 | |a IBM |
| 610 | 2 | 0 | |a Slovensko |
| 610 | 2 | 0 | |a počítače osobné |
| 610 | 2 | 0 | |a systémy počítačové |
| 610 | 2 | 0 | |a AS/400 |
| 610 | 2 | 0 | |a RISC 6000 |
| 610 | 2 | 0 | |a POWER |
| 610 | 2 | 0 | |a superpočítače |
| 100 | 1 | |a Brunovský, O. | |